[Event "RUS-ch U26"]
[Site "Ufa"]
[Date "2004.05.12"]
[Round "8"]
[White "Stepanov, Evgeny"]
[Black "Sultangareev, Marat"]
[Result "0-1"]
[WhiteElo "2319"]
[BlackElo "2365"]
[PlyCount "60"]
[EventDate "2004.05.??"]
[EventType "swiss"]
[EventRounds "9"]
[EventCountry "RUS"]
[SourceTitle "EXT 2005"]
[Source "ChessBase"]
[SourceDate "2004.11.15"]
[SourceVersion "1"]
[SourceVersionDate "2004.11.15"]
[SourceQuality "1"]

1. d4 d5 2. c4 c6 3. Nf3 Nf6 4. Nc3 a6 5. Qb3 e6 6. Bg5 Nbd7 7. e3 Bd6 8. Bd3 h6 9. Bh4 b5 10. cxd5 cxd5 11. e4 dxe4 12. Nxe4 Qa5+ 13. Ke2 Qb6 14. a4 Nxe4 15. Bxe4 Bb7 16. a5 Qa7 17. Qe3 Rc8 18. Rac1 0-0 19. Rhd1 Qa8 20. Bb1 Bd5 21. Ne5 Bxe5 22. dxe5 Rxc1 23. Rxc1 Rc8 24. Rxc8+ Qxc8 25. f4 Qc4+ 26. Kf2 Qb4 27. Qc1 g5 28. Bg3 Qd4+ 29. Ke2 Bc4+ 30. Kf3 Nxe5+ 0-1

[Event "RUS-ch U26"]
[Site "Ufa"]
[Date "2004.05.05"]
[Round "1"]
[White "Sultangareev, Marat"]
[Black "Matveev, Mikhail1111"]
[Result "1-0"]
[WhiteElo "2365"]
[BlackElo "2159"]
[PlyCount "45"]
[EventDate "2004.05.??"]
[EventType "swiss"]
[EventRounds "9"]
[EventCountry "RUS"]
[SourceTitle "EXT 2005"]
[Source "ChessBase"]
[SourceDate "2004.11.15"]
[SourceVersion "1"]
[SourceVersionDate "2004.11.15"]
[SourceQuality "1"]

1. d4 d5 2. c4 dxc4 3. Nf3 Nf6 4. e3 e6 5. Bxc4 a6 6. a4 Be7 7. 0-0 Nbd7 8. Qe2 0-0 9. Rd1 c5 10. Nc3 cxd4 11. exd4 Nb6 12. Bb3 Nbd5 13. Ne5 Qb6 14. Bc2 Rd8 15. Bg5 Nb4 16. Bxf6 Bxf6 17. Bxh7+ Kxh7 18. Qh5+ Kg8 19. Qxf7+ Kh7 20. Ne4 Bxe5 21. dxe5 Rxd1+ 22. Rxd1 Qc6 23. Nf6+ 1-0

[Event "Kaluga Tsiolkovsky Memorial op"]
[Site "Kaluga"]
[Date "2003.??.??"]
[Round "5"]
[White "Sultangareev, Marat"]
[Black "Tchernyi, Viktor"]
[Result "1-0"]
[WhiteElo "2339"]
[BlackElo "2327"]
[PlyCount "33"]
[EventDate "2003.??.??"]
[EventType "swiss"]
[EventRounds "9"]
[EventCountry "RUS"]
[SourceTitle "EXT 2005"]
[Source "ChessBase"]
[SourceDate "2004.11.15"]
[SourceVersion "1"]
[SourceVersionDate "2004.11.15"]
[SourceQuality "1"]

1. d4 d5 2. c4 c6 3. Nf3 Nf6 4. e3 Bf5 5. Nc3 e6 6. Bd3 Bg6 7. 0-0 Nbd7 8. Qe2 Bb4 9. Bd2 0-0 10. Bxg6 hxg6 11. Nxd5 Nxd5 12. cxd5 Bxd2 13. dxe6 Ba5 14. exd7 Qxd7 15. Rac1 Rfe8 16. Ne5 Qe6 17. Qc4 1-0

[Event "Kaluga Tsiolkovsky Memorial op"]
[Site "Kaluga"]
[Date "2003.??.??"]
[Round "6"]
[White "Yandemirov, Valeri"]
[Black "Sultangareev, Marat"]
[Result "1-0"]
[WhiteElo "2469"]
[BlackElo "2339"]
[PlyCount "73"]
[EventDate "2003.??.??"]
[EventType "swiss"]
[EventRounds "9"]
[EventCountry "RUS"]
[SourceTitle "EXT 2005"]
[Source "ChessBase"]
[SourceDate "2004.11.15"]
[SourceVersion "1"]
[SourceVersionDate "2004.11.15"]
[SourceQuality "1"]

1. e4 e6 2. d4 d5 3. Nd2 c5 4. exd5 exd5 5. Ngf3 Nc6 6. Bb5 Bd6 7. dxc5 Bxc5 8. 0-0 Nge7 9. Nb3 Bd6 10. Bxc6+ bxc6 11. Qd4 0-0 12. Bf4 Nf5 13. Qa4 c5 14. Bxd6 Qxd6 15. Qa3 Ba6 16. Rfe1 Rfc8 17. Rad1 Bb5 18. Nbd2 Qg6 19. Nf1 Bc6 20. Ne5 Qf6 21. Nxc6 Qxc6 22. Qd3 Nd4 23. Ne3 Rcb8 24. c3 Ne6 25. Nxd5 Qa4 26. Qb1 c4 27. Rd2 Rb7 28. Qe4 Rab8 29. b3 Qa6 30. Nb4 Rxb4 31. cxb4 cxb3 32. axb3 Qb6 33. Rd7 g6 34. Qf3 Rf8 35. Qb7 Rb8 36. Qf3 Rf8 37. Qf6 1-0

[Event "RUS-ch U20"]
[Site "Vladimir"]
[Date "2002.03.12"]
[Round "11"]
[White "Kosintseva, Tatiana"]
[Black "Sultangareev, Marat"]
[Result "1-0"]
[WhiteElo "2358"]
[BlackElo "2327"]
[PlyCount "99"]
[EventDate "2002.03.01"]
[EventType "swiss"]
[EventRounds "11"]
[EventCountry "RUS"]
[SourceTitle "CBM 087 Extra"]
[Source "ChessBase"]
[SourceDate "2002.05.03"]
[SourceVersion "2"]
[SourceVersionDate "2002.08.09"]
[SourceQuality "1"]

1. e4 e6 2. d4 d5 3. exd5 exd5 4. Nf3 Nc6 5. Bb5 Bd6 6. c4 dxc4 7. d5 a6 8. Ba4 b5 9. dxc6 bxa4 10. 0-0 Ne7 11. Qxa4 0-0 12. Nbd2 Rb8 13. a3 Rb5 14. Nxc4 Nxc6 15. Bg5 Qd7 16. Rad1 Qg4 17. h3 Qe4 18. Rfe1 Qg6 19. Nxd6 cxd6 20. Qf4 h6 21. Bh4 Ne5 22. Nxe5 dxe5 23. Rxe5 Bb7 24. Bg3 Qc6 25. f3 Rxb2 26. Bf2 Qc2 27. Qd4 Rc8 28. Rde1 Rc4 29. Qd8+ Kh7 30. R5e2 Bc6 31. Rxc2 Rcxc2 32. Qd3+ Kg8 33. Qe3 Bb5 34. Rd1 Rxf2 35. Qxf2 Rxf2 36. Kxf2 g5 37. Rd6 Kg7 38. g3 f6 39. Ke3 Kg6 40. f4 Bf1 41. a4 Bc4 42. Ke4 Bf1 43. f5+ Kf7 44. Rd7+ Ke8 45. Rh7 Bg2+ 46. Kd4 Bxh3 47. Rxh6 Bxf5 48. Rxf6 Bc8 49. Rg6 g4 50. Rg8+ 1-0

[Event "RUS-ch U20"]
[Site "Vladimir"]
[Date "2002.03.09"]
[Round "8"]
[White "Sultangareev, Marat"]
[Black "Danin, Alexandre"]
[Result "1/2-1/2"]
[WhiteElo "2327"]
[BlackElo "2314"]
[PlyCount "81"]
[EventDate "2002.03.01"]
[EventType "swiss"]
[EventRounds "11"]
[EventCountry "RUS"]
[SourceTitle "CBM 087 Extra"]
[Source "ChessBase"]
[SourceDate "2002.05.03"]
[SourceVersion "2"]
[SourceVersionDate "2002.08.09"]
[SourceQuality "1"]

1. d4 Nf6 2. c4 g6 3. Nc3 d5 4. cxd5 Nxd5 5. e4 Nxc3 6. bxc3 Bg7 7. Ba3 0-0 8. Nf3 b6 9. Be2 c5 10. 0-0 cxd4 11. cxd4 Nc6 12. Rc1 Nxd4 13. Nxd4 Qxd4 14. Qxd4 Bxd4 15. Rfd1 Bf6 16. f4 Be6 17. e5 Bg7 18. Bxe7 Rfe8 19. Rc7 Rec8 20. Rdc1 Bf8 21. Bxf8 Kxf8 22. Kf2 Rxc7 23. Rxc7 Bxa2 24. Bf3 Rd8 25. Rxa7 Rd2+ 26. Ke3 Rb2 27. h4 Be6 28. g4 Rb3+ 29. Kf2 b5 30. h5 Rb2+ 31. Kg3 Rb3 32. Kf2 Kg7 33. hxg6 hxg6 34. f5 gxf5 35. gxf5 Rxf3+ 36. Kxf3 Bxf5 37. Rb7 Be6 38. Rxb5 f6 39. Kf4 fxe5+ 40. Kxe5 Bc4 41. Rb6 1/2-1/2

[Event "RUS-ch U20"]
[Site "Vladimir"]
[Date "2002.03.03"]
[Round "3"]
[White "Nepomniachtchi, Ian"]
[Black "Sultangareev, Marat"]
[Result "1-0"]
[WhiteElo "2280"]
[BlackElo "2327"]
[PlyCount "73"]
[EventDate "2002.03.01"]
[EventType "swiss"]
[EventRounds "11"]
[EventCountry "RUS"]
[SourceTitle "CBM 087 Extra"]
[Source "ChessBase"]
[SourceDate "2002.05.03"]
[SourceVersion "2"]
[SourceVersionDate "2002.08.09"]
[SourceQuality "1"]

1. Nf3 Nf6 2. c4 g6 3. g3 Bg7 4. Bg2 0-0 5. 0-0 d6 6. d4 Nc6 7. Nc3 Bf5 8. d5 Na5 9. Nd4 Bd7 10. Qd3 c5 11. Nc2 a6 12. b3 Rb8 13. Bb2 b5 14. Rab1 Qc7 15. Ba1 bxc4 16. bxc4 Rxb1 17. Rxb1 Rb8 18. Rxb8+ Qxb8 19. f4 Be8 20. Bh3 Nd7 21. Bxd7 Bxd7 22. Kf2 f5 23. h4 Kf7 24. Ke3 Qh8 25. Kd2 Bf6 26. Bb2 e5 27. dxe6+ Bxe6 28. Na3 Qb8 29. Kc2 Nc6 30. Qd2 Nd4+ 31. Kc1 Qb4 32. Nd5 Qb7 33. Nxf6 Qh1+ 34. Qd1 Nxe2+ 35. Kd2 Ng1 36. Kc2 Qg2+ 37. Qd2 1-0

[Event "Voronezh op 5th"]
[Site "Voronezh"]
[Date "2001.06.21"]
[Round "9"]
[White "Amonatov, Farrukh"]
[Black "Sultangareev, Marat"]
[Result "0-1"]
[WhiteElo "2319"]
[BlackElo "2299"]
[PlyCount "89"]
[EventDate "2001.06.12"]
[EventType "swiss"]
[EventRounds "9"]
[EventCountry "RUS"]
[SourceTitle "EXT 2002"]
[Source "ChessBase"]
[SourceDate "2001.11.25"]
[SourceVersion "1"]
[SourceVersionDate "2001.11.25"]
[SourceQuality "1"]

1. e4 e6 2. Qe2 c5 3. g3 Nc6 4. c3 g6 5. Bg2 Bg7 6. Nf3 Nge7 7. 0-0 d6 8. d3 b6 9. Re1 Ba6 10. Nbd2 0-0 11. h4 h6 12. Nf1 Ne5 13. Rd1 Nxf3+ 14. Bxf3 d5 15. Qc2 Qd7 16. Nh2 Rfd8 17. e5 Nf5 18. Qe2 Bb7 19. Bf4 d4 20. c4 b5 21. b3 Rdb8 22. Rac1 b4 23. Be4 Re8 24. Nf3 a5 25. Qd2 Qe7 26. Kg2 a4 27. Rh1 h5 28. Ng5 axb3 29. axb3 Ra3 30. Qd1 Ra2 31. Qf3 Rb8 32. Ra1 Bxe4 33. Nxe4 Rba8 34. Rae1 R8a3 35. Bg5 Qf8 36. Kh3 Nh6 37. Bxh6 Bxh6 38. Nf6+ Kh8 39. g4 Rxb3 40. gxh5 Rd2 41. Rd1 Rbxd3 42. Qxd3 Rxd3+ 43. Rxd3 Qb8 44. hxg6 fxg6 45. Rg1 0-1

[Event "Voronezh op 5th"]
[Site "Voronezh"]
[Date "2001.06.14"]
[Round "3"]
[White "Chuprikov, Dmitry"]
[Black "Sultangareev, Marat"]
[Result "1-0"]
[WhiteElo "2426"]
[BlackElo "2299"]
[PlyCount "83"]
[EventDate "2001.06.12"]
[EventType "swiss"]
[EventRounds "9"]
[EventCountry "RUS"]
[SourceTitle "EXT 2002"]
[Source "ChessBase"]
[SourceDate "2001.11.25"]
[SourceVersion "1"]
[SourceVersionDate "2001.11.25"]
[SourceQuality "1"]

1. c4 c5 2. Nf3 Nc6 3. Nc3 Nf6 4. g3 d5 5. cxd5 Nxd5 6. Bg2 Nc7 7. 0-0 e5 8. d3 Be7 9. Nd2 Bd7 10. Nc4 0-0 11. Bxc6 Bxc6 12. Nxe5 Be8 13. Be3 Ne6 14. Qb3 b6 15. Rac1 Bf6 16. Nf3 Bc6 17. Ne4 Be7 18. Rfd1 Qb8 19. Neg5 Bxg5 20. Nxg5 Nxg5 21. Bxg5 Qe5 22. Be3 Qh5 23. Rd2 Bd5 24. Qa3 Rae8 25. d4 c4 26. f3 b5 27. Bf4 f5 28. Qc5 Qf7 29. Qxb5 Re7 30. Be5 Rb7 31. Qc5 Rb6 32. Re1 Qb7 33. Qc7 Qxc7 34. Bxc7 Ra6 35. e4 Bf7 36. d5 fxe4 37. fxe4 Be8 38. e5 Rxa2 39. Rf2 Ba4 40. e6 h6 41. d6 Re8 42. d7 1-0

[Event "RUS-ch Schools"]
[Site "Novokuznetsk"]
[Date "2001.??.??"]
[Round "9"]
[White "Galt, Aleksey"]
[Black "Sultangareev, Marat"]
[Result "0-1"]
[WhiteElo "2168"]
[BlackElo "2290"]
[PlyCount "96"]
[EventDate "2001.10.??"]
[EventType "swiss"]
[EventRounds "9"]
[EventCountry "RUS"]
[SourceTitle "CBM 085 Extra"]
[Source "ChessBase"]
[SourceDate "2002.01.21"]
[SourceVersion "1"]
[SourceVersionDate "2002.01.21"]
[SourceQuality "1"]

1. e4 e6 2. d4 d5 3. Nc3 Bb4 4. e5 c5 5. a3 Ba5 6. b4 cxd4 7. Nb5 Bc7 8. Nf3 Nc6 9. Nxc7+ Qxc7 10. Bb5 Nge7 11. 0-0 Bd7 12. Bxc6 Nxc6 13. Re1 0-0 14. Qd3 h6 15. Bb2 Rfc8 16. Rad1 a5 17. b5 Na7 18. Nxd4 Qc4 19. Qg3 Nxb5 20. Nf5 exf5 21. e6 d4 22. exd7 Rd8 23. Bc1 Rxd7 24. Bxh6 f6 25. Qg6 Nd6 26. Bf4 Qf7 27. Qg3 Ne4 28. Qd3 Rc8 29. f3 Nc3 30. Rc1 Qd5 31. Bd2 Qb5 32. Kf2 Qxd3 33. cxd3 b5 34. Re6 Rd5 35. Rb6 Re5 36. Bxc3 dxc3 37. d4 Rd5 38. Ke3 Rc4 39. Rb7 b4 40. axb4 axb4 41. Rc2 Rdxd4 42. Rb5 f4+ 43. Ke2 Rd7 44. g3 Rcd4 45. Rc1 Re7+ 46. Kf1 Re3 47. gxf4 Rxf3+ 48. Kg2 Rfxf4 0-1

[Event "RUS-ch U18"]
[Site "Rybinsk"]
[Date "2001.??.??"]
[Round "4"]
[White "Gudimov, Andrei"]
[Black "Sultangareev, Marat"]
[Result "0-1"]
[WhiteElo "2174"]
[BlackElo "2299"]
[PlyCount "62"]
[EventDate "2001.02.??"]
[EventType "swiss"]
[EventRounds "10"]
[EventCountry "RUS"]
[SourceTitle "EXT 2002"]
[Source "ChessBase"]
[SourceDate "2001.11.25"]
[SourceVersion "1"]
[SourceVersionDate "2001.11.25"]
[SourceQuality "1"]

1. Nf3 e6 2. b3 Nf6 3. Bb2 d5 4. e3 Be7 5. Be2 Nbd7 6. 0-0 0-0 7. c4 b6 8. d3 Bb7 9. Nbd2 c5 10. Ne5 Nxe5 11. Bxe5 Nd7 12. Bb2 Bf6 13. Qc2 Qe7 14. f4 e5 15. Rae1 exf4 16. exf4 Bxb2 17. Qxb2 Qe3+ 18. Rf2 Rfe8 19. Nf1 Qe6 20. Ng3 Nf6 21. Rd1 d4 22. h3 Qd7 23. Qd2 Re3 24. Kh2 h5 25. Nxh5 Nxh5 26. Bg4 Qe7 27. Bxh5 Qh4 28. Bg4 Rae8 29. Kg1 Qg3 30. Rdf1 Rxd3 31. Qc2 Be4 0-1

[Event "RUS-ch U18"]
[Site "Rybinsk"]
[Date "2001.??.??"]
[Round "2"]
[White "Prizant, Jaroslav"]
[Black "Sultangareev, Marat"]
[Result "1-0"]
[WhiteElo "2437"]
[BlackElo "2299"]
[PlyCount "117"]
[EventDate "2001.02.??"]
[EventType "swiss"]
[EventRounds "10"]
[EventCountry "RUS"]
[SourceTitle "EXT 2002"]
[Source "ChessBase"]
[SourceDate "2001.11.25"]
[SourceVersion "1"]
[SourceVersionDate "2001.11.25"]
[SourceQuality "1"]

1. e4 e6 2. d4 d5 3. Nc3 Bb4 4. e5 c5 5. a3 Bxc3+ 6. bxc3 Qa5 7. Bd2 Qa4 8. Qg4 g6 9. Qd1 b6 10. dxc5 bxc5 11. Bd3 Ba6 12. Nf3 Bxd3 13. cxd3 Qxd1+ 14. Kxd1 Nd7 15. Rb1 Ne7 16. Re1 h6 17. Rb7 Kd8 18. Kc2 Nc6 19. c4 Kc8 20. Rb5 a6 21. Rb2 dxc4 22. dxc4 Rb8 23. Rxb8+ Kxb8 24. Re4 Kc7 25. Rf4 Ndxe5 26. Nxe5 Nxe5 27. Bc3 Kd6 28. Bxe5+ Kxe5 29. Rxf7 g5 30. Kc3 Rb8 31. Rc7 Kd6 32. Ra7 Rb6 33. Kc2 Ke5 34. Rh7 Rd6 35. Rxh6 Rd4 36. Kc3 Rd1 37. Rh5 Kf6 38. h4 Rf1 39. Kd3 Rb1 40. Kc2 Rf1 41. Rxg5 Rxf2+ 42. Kd3 Ra2 43. Rxc5 Rxg2 44. Ra5 Rg3+ 45. Kd4 Rg4+ 46. Kc5 Rxh4 47. Rxa6 Ke7 48. a4 Kd7 49. Ra7+ Kc8 50. Re7 e5 51. Kb5 Rh6 52. c5 Kb8 53. Rxe5 Rg6 54. Re7 Kc8 55. a5 Rh6 56. a6 Kb8 57. c6 Rh1 58. c7+ Kc8 59. a7 1-0

[Event "RUS-ch U18"]
[Site "Rybinsk"]
[Date "2001.??.??"]
[Round "6"]
[White "Sultangareev, Marat"]
[Black "Rodchenkov, Vitaly"]
[Result "1/2-1/2"]
[WhiteElo "2299"]
[BlackElo "2206"]
[PlyCount "70"]
[EventDate "2001.02.??"]
[EventType "swiss"]
[EventRounds "10"]
[EventCountry "RUS"]
[SourceTitle "EXT 2002"]
[Source "ChessBase"]
[SourceDate "2001.11.25"]
[SourceVersion "1"]
[SourceVersionDate "2001.11.25"]
[SourceQuality "1"]

1. d4 Nf6 2. c4 c5 3. d5 b5 4. cxb5 a6 5. b6 g6 6. Nc3 Bg7 7. Nf3 d6 8. Nd2 Qxb6 9. e4 0-0 10. Nc4 Qc7 11. Be2 Nbd7 12. 0-0 Nb6 13. Re1 Nxc4 14. Bxc4 Nd7 15. Bg5 Ne5 16. Be2 h6 17. Be3 Rb8 18. Qd2 Kh7 19. Rac1 Qa5 20. b3 Ng4 21. Bf4 g5 22. Bxg4 gxf4 23. Bxc8 Rfxc8 24. Nb1 Qxd2 25. Nxd2 Rb4 26. Rc4 Rcb8 27. Rec1 Kg6 28. Rxb4 Rxb4 29. Rc4 Rb8 30. Kf1 Bd4 31. Ke2 f5 32. Nf3 fxe4 33. Nxd4 cxd4 34. Rxd4 Kf5 35. f3 Rb5 1/2-1/2

[Event "RUS-chJ U18"]
[Site "Russia"]
[Date "2000.??.??"]
[Round "?"]
[White "Sultangareev, Marat"]
[Black "Timofeev, Artyom"]
[Result "1/2-1/2"]
[WhiteElo "2308"]
[BlackElo "2425"]
[PlyCount "43"]
[EventDate "2000.??.??"]
[EventType "swiss"]
[EventRounds "11"]
[EventCountry "RUS"]
[SourceTitle "EXT 2001"]
[Source "ChessBase"]
[SourceDate "2000.11.22"]
[SourceVersion "1"]
[SourceVersionDate "2000.11.22"]
[SourceQuality "1"]

1. d4 Nf6 2. c4 e6 3. Nf3 d5 4. g3 dxc4 5. Bg2 a6 6. 0-0 Nc6 7. Nc3 Nd5 8. e4 Nxc3 9. bxc3 Be7 10. Qe2 Na5 11. Ne5 b5 12. a4 Bb7 13. axb5 axb5 14. Rb1 c6 15. d5 0-0 16. dxe6 fxe6 17. Rd1 Qe8 18. Nd7 Rf7 19. Ne5 Rf8 20. Nd7 Rf7 21. Ne5 Rf8 22. Nd7 1/2-1/2

[Event "Chigorin Memorial 07th"]
[Site "St Petersburg"]
[Date "1999.11.08"]
[Round "7"]
[White "Sirotkina, Nina"]
[Black "Sultangareev, Marat"]
[Result "0-1"]
[WhiteElo "2260"]
[BlackElo "2339"]
[PlyCount "118"]
[EventDate "1999.11.02"]
[EventType "swiss"]
[EventRounds "9"]
[EventCountry "RUS"]
[SourceTitle "CBM 074"]
[Source "ChessBase"]
[SourceDate "2000.02.01"]
[SourceVersion "1"]
[SourceVersionDate "2000.02.01"]
[SourceQuality "1"]

1. d4 Nf6 2. c4 e6 3. Nc3 Bb4 4. Qc2 d5 5. e3 0-0 6. Bd3 b6 7. Nge2 Bb7 8. 0-0 Be7 9. e4 dxe4 10. Nxe4 Nxe4 11. Bxe4 Bxe4 12. Qxe4 Nd7 13. Bf4 Bd6 14. Rad1 Qe7 15. Nc3 Nf6 16. Qf3 Bxf4 17. Qxf4 Qb4 18. Qc1 Qxc4 19. Ne4 Qxc1 20. Nxf6+ gxf6 21. Rxc1 Rfd8 22. Rxc7 Rxd4 23. f3 b5 24. Rfc1 a6 25. R1c2 Rad8 26. Kf2 Rd2+ 27. Ke1 Rxc2 28. Rxc2 Rd6 29. Ke2 Kg7 30. Ke3 Rd1 31. a3 f5 32. f4 Kf6 33. Kf3 a5 34. Ke3 Rd5 35. Rc7 a4 36. Rb7 Rc5 37. Kf3 Kg6 38. Rb6 h6 39. Kg3 Rd5 40. h3 Rd3+ 41. Kh4 Rb3 42. Rb8 Rxb2 43. g4 fxg4 44. hxg4 Rh2+ 45. Kg3 Ra2 46. Rxb5 Rxa3+ 47. Kg2 Ra2+ 48. Kg3 a3 49. Ra5 Ra1 50. g5 a2 51. Kg2 hxg5 52. Rxg5+ Kf6 53. Ra5 Ke7 54. Ra6 f6 55. Kh2 e5 56. fxe5 fxe5 57. Kg2 e4 58. Kh2 e3 59. Ra3 Rd1 0-1